[Event "O pohár města Říčany 2017"]
[Site "Kulturni centrum Labut, 17. Listopadu 214 25101 Ricany"]
[Date "2017.08.31"]
[Round "7.10"]
[White "Mladek, Richard"]
[Black "Blumel, Otto"]
[Result "1/2-1/2"]
[WhiteElo "2160"]
[BlackElo "2002"]
[PlyCount "0"]
[EventDate "2017.08.26"]

1. e4 e5 2. f4 exf4 3. Nf3 Ne7 4. d4 Ng6 5. c4 Be7 6. Be2 Bh4+ 7. Kf1 d6 8. Nc3
c6 9. Bd2 O-O 10. Qc1 f5 11. e5 dxe5 12. dxe5 Be7 13. h4 Nd7 14. Bxf4 Nxf4
15. Qxf4 Nc5 16. Nd4 Ne4 17. Rd1 g5 18. hxg5 Bxg5 19. Qh2 Qe7 20. Nf3 h6
21. Nxg5 Qxg5 22. Qxh6 Qxh6 23. Rxh6 Kg7 24. Rh3 Be6 25. Ke1 Rh8 26. Nxe4 Rxh3
27. gxh3 fxe4 28. Bg4 Kf7 29. Rd6 Bxc4 30. b3 Bd5 31. Rd7+ Kg6 32. Rxb7 Re8
33. Ke2 Rxe5 34. Ke3 a5 35. Ra7 Bg8 36. Ra6 Rc5 37. Kxe4 Kg5 38. Kd4 Rb5 39. Kc3
Bd5 40. Kb2 Be4 41. Ka3 Rc5 42. Ka4 Bb1 43. a3 Bc2 44. Be6 Kf6 45. Bd5 Ke7
46. Rxc6 Bxb3+ 47. Kxb3 Rxd5 48. Rh6 Rd4 49. h4 Rg4 50. h5 a4+ 51. Kc3 Rh4
52. Rh8 Kf7 53. h6 Kg6 54. Ra8 Kh7 55. Ra6 Rg4 56. Rc6 Rh4 57. Rc4 Rxh6 58. Rxa4
Kg7 59. Rd4 Kf7 60. Kb4 Ke7 61. Kb5 Rh8 62. a4 Rd8 63. Rc4 Kd7 64. Kb6 Rb8+
65. Ka7 Rb3 66. a5 Rb2 67. a6 Rb3 68. Rh4 Kc8 69. Rh8+ Kc7 70. Rh7+ Kc8 71. Rb7
Ra3 72. Rb4 Ra2 73. Rc4+ Kd7 74. Kb7 Rb2+ 75. Ka8 Rb5 76. a7 Rb3 77. Rg4 Kc7
78. Rg7+ Kc8 79. Rg8+ Kc7 80. Rb8 Rh3 81. Rb7+ Kc8 82. Rb4 Rc3 83. Rb8+ Kc7
84. Rh8 Rb3 85. Rh1 Rc3 86. Rb1 Kc8 87. Rb5 Rc4 88. Rb8+ Kc7 89. Rf8 Rb4
90. Rf7+ Kc8 91. Rf3 Rc4 92. Rd3 Rc2 93. Rd4 Rc3 94. Rg4 Kc7 95. Rg8 Rf3 96. Re8
Rb3 97. Re7+ Kc8 98. Rc7+ Kxc7 1/2-1/2

[Event "O pohár města Říčany 2017"]
[Site "Kulturni centrum Labut, 17. Listopadu 214 25101 Ricany"]
[Date "2017.08.31"]
[Round "7.11"]
[White "Husek, Martin"]
[Black "Bares, Jachym"]
[Result "1-0"]
[WhiteElo "2148"]
[BlackElo "1989"]
[PlyCount "0"]
[EventDate "2017.08.26"]

1. e4 e5 2. Nf3 Nc6 3. Bb5 a6 4. Ba4 Nf6 5. O-O Be7 6. Re1 b5 7. Bb3 O-O 8. d4
d6 9. c3 Bg4 10. d5 Na5 11. Bc2 c5 12. b3 Bh5 13. Nbd2 Qd7 14. Nf1 b4 15. Ng3
Bg6 16. Bd2 Nc4 17. cxb4 cxb4 18. Bxb4 Nb2 19. Qc1 Nc4 20. Bd3 Nb6 21. Qa3 Rfe8
22. Rab1 {dale necitelne} 1-0

[Event "O pohár města Říčany 2017"]
[Site "Kulturni centrum Labut, 17. Listopadu 214 25101 Ricany"]
[Date "2017.08.31"]
[Round "7.12"]
[White "Krivanek, Vladimir"]
[Black "Laurincova, Kristyna"]
[Result "1-0"]
[WhiteElo "2107"]
[BlackElo "1854"]
[PlyCount "0"]
[EventDate "2017.08.26"]

1. e3 c5 2. d4 Nf6 3. Nf3 cxd4 4. exd4 g6 5. Bd3 Bg7 6. O-O O-O 7. Nc3 d5
8. Ne2 Nc6 9. c3 Bg4 10. Ne5 Nxe5 11. dxe5 Nd7 12. f3 Be6 13. f4 Nc5 14. Bc2 Qc8
15. Nd4 Bg4 16. Qe1 Ne6 17. Nb3 Nc5 18. h3 Nxb3 19. axb3 Bf5 20. Bxf5 Qxf5
21. g4 Qd3 22. Qe3 Qxe3+ 23. Bxe3 a6 24. Rae1 e6 25. Bd4 Rac8 26. g5 Rc6 27. Ra1
Rfc8 28. Kf2 Bf8 29. b4 Rc4 30. Ke3 Be7 31. Kd3 R4c6 32. h4 Bd8 33. Bc5 Bb6
34. Be7 Bd8 35. Bf6 Bxf6 36. gxf6 h5 37. Ra5 Rc4 38. Rf2 Kf8 39. Ra1 Ke8
40. Rff1 Kd7 41. Rac1 R4c6 42. b3 b5 43. Kd4 Kc7 44. Rf2 Kb7 45. Rd2 R8c7
46. Rd3 Kc8 47. Ke3 Rd7 48. Kd2 Kc7 49. Rd4 Kc8 50. Kc2 Rdc7 51. Kb2 Kb7 52. Rd3
Kc8 53. f5 gxf5 54. Rg1 Kd7 55. Rg5 Rc8 56. Rxh5 Rg8 57. Rg5 Rxg5 58. hxg5 Rc8
59. Rh3 Rg8 60. Rh7 Rxg5 61. Rxf7+ Ke8 62. Rg7 1-0

[Event "O pohár města Říčany 2017"]
[Site "Kulturni centrum Labut, 17. Listopadu 214 25101 Ricany"]
[Date "2017.08.31"]
[Round "7.13"]
[White "Vojta, Jakub"]
[Black "Slovak, Kilian"]
[Result "0-1"]
[WhiteElo "1930"]
[BlackElo "2101"]
[PlyCount "0"]
[EventDate "2017.08.26"]

1. e4 c5 2. Nf3 Nc6 3. Bb5 g6 4. O-O Bg7 5. Re1 Nf6 6. e5 Nd5 7. Nc3 Nc7
8. Bxc6 dxc6 9. Ne4 Ne6 10. d3 O-O 11. Be3 b6 12. Qd2 Nd4 13. Nxd4 cxd4 14. Bh6
c5 15. h4 Qd5 16. Bxg7 Kxg7 17. Ng3 Bb7 18. f3 Rae8 19. h5 f6 20. h6+ Kg8
21. exf6 exf6 22. Qf4 Qd7 23. Kf2 Kf7 24. Ne4 Bxe4 25. dxe4 Re5 26. Qd2 Rfe8
27. Qd3 Qe7 28. Re2 f5 29. Rae1 Qh4+ 30. Kg1 f4 31. Qc4+ Kf8 32. c3 Qxh6
33. cxd4 Rh5 34. Kf2 Qg5 35. Rg1 cxd4 36. Qxd4 Qh4+ 37. Kf1 Rc5 38. Re1 Rd8
39. Qb4 Kg7 40. Qa4 Rd2 0-1

[Event "O pohár města Říčany 2017"]
[Site "Kulturni centrum Labut, 17. Listopadu 214 25101 Ricany"]
[Date "2017.08.31"]
[Round "7.14"]
[White "Ludvik, Tomas"]
[Black "Nemecek, Pavel"]
[Result "0-1"]
[WhiteElo "2095"]
[BlackElo "1750"]
[PlyCount "0"]
[EventDate "2017.08.26"]

1. d4 Nf6 2. c4 g6 3. Nc3 Bg7 4. e4 d6 5. Nf3 O-O 6. Be2 e5 7. O-O Na6 8. Be3
Ng4 9. Bg5 f6 10. Bd2 exd4 11. Nxd4 f5 12. Bxg4 Bxd4 13. Bf3 f4 14. Rb1 Nc5
15. Nd5 Ne6 16. Bg4 Be5 17. Bxe6+ Bxe6 18. b3 c6 19. Nb4 f3 20. g3 Qd7 21. Bh6
Bxc4 22. Nc2 Qh3 23. Ne3 Be2 24. Qd2 Qxh6 25. Rfe1 Qh3 26. Kh1 Rf6 0-1

[Event "O pohár města Říčany 2017"]
[Site "Kulturni centrum Labut, 17. Listopadu 214 25101 Ricany"]
[Date "2017.08.31"]
[Round "7.15"]
[White "Janacek, Jaroslav"]
[Black "Kaplan, Daniel"]
[Result "0-1"]
[WhiteElo "2019"]
[BlackElo "2057"]
[PlyCount "0"]
[EventDate "2017.08.26"]

1. Nf3 f5 2. d3 Nf6 3. e4 d6 4. Nc3 Nc6 5. h3 e5 6. exf5 Bxf5 7. g4 Be6 8. Bg2
Be7 9. O-O O-O 10. Ng5 Bd7 11. Nd5 Kh8 12. Nxe7 Qxe7 13. c3 Nd8 14. d4 Bc6
15. d5 Be8 16. f4 h6 17. fxe5 dxe5 18. Ne4 Bg6 19. d6 cxd6 20. Qxd6 Qxd6
21. Nxd6 Kg8 22. g5 hxg5 23. Bxg5 Ne6 24. Bxf6 Rxf6 25. Bd5 Bf7 26. Rad1 Rf8
27. Bxb7 Nf4 28. Nxf7 Kxf7 29. Bg2 Ke6 30. Rd2 Rh8 31. Rf3 Rfh6 32. Kh2 g5
33. Rg3 Kf5 34. Rf2 Rh4 35. Bf3 R8h6 36. Bg4+ Rxg4 37. Rxg4 Rxh3+ 38. Kg1 Kxg4
39. c4 Re3 40. Rc2 Kg3 0-1

[Event "O pohár města Říčany 2017"]
[Site "Kulturni centrum Labut, 17. Listopadu 214 25101 Ricany"]
[Date "2017.08.31"]
[Round "7.16"]
[White "Skokan, Frantisek"]
[Black "Steiner, Juraj"]
[Result "1/2-1/2"]
[WhiteElo "1933"]
[BlackElo "2022"]
[PlyCount "0"]
[EventDate "2017.08.26"]

1. d4 Nf6 2. c4 e6 3. Nc3 Bb4 4. Qc2 c5 5. e3 O-O 6. a3 Bxc3+ 7. bxc3 d5 8. Nf3
cxd4 9. exd4 b6 10. cxd5 exd5 11. Bd3 Re8+ 12. Be3 Ba6 13. O-O Bxd3 14. Qxd3 Nc6
15. Bg5 Qd6 16. Bxf6 Qxf6 17. Rfe1 h6 18. Qb5 Qd6 19. c4 Re4 20. Qxd5 Qxd5
21. cxd5 Rxe1+ 22. Rxe1 Na5 23. Ne5 Rd8 24. Nc6 Rd7 25. Re8+ Kh7 26. Rd8 Rc7
27. Kf1 Nxc6 28. dxc6 Rxc6 29. Ke2 Kg6 30. Kd3 Kf6 31. Rd7 a5 32. d5 Rc1 33. f4
b5 34. Rb7 Rc5 35. Rd7 b4 36. axb4 axb4 37. Rb7 Rxd5+ 38. Ke3 1/2-1/2

[Event "O pohár města Říčany 2017"]
[Site "Kulturni centrum Labut, 17. Listopadu 214 25101 Ricany"]
[Date "2017.08.31"]
[Round "7.17"]
[White "Rastocny, Josef"]
[Black "Horyna, Josef"]
[Result "1-0"]
[WhiteElo "2008"]
[BlackElo "1814"]
[PlyCount "0"]
[EventDate "2017.08.26"]

1. d4 d5 2. c4 c6 3. Nc3 Nf6 4. Bg5 Nbd7 5. Nf3 e6 6. e3 Qb6 7. Qc2 h6 8. Bh4
Qa5 9. Nd2 Bb4 10. Be2 Bxc3 11. bxc3 Ne4 12. Nxe4 dxe4 13. O-O Qf5 14. Qd2 O-O
15. f3 exf3 16. Rxf3 Qa5 17. Raf1 f5 18. Bd3 g5 19. e4 f4 20. e5 Qd8 21. Rxf4
Rxf4 22. Qxf4 gxf4 23. Bxd8 Nb6 24. Rxf4 Bd7 25. Be7 Na4 26. Rf6 Kg7 27. Rg6+
Kf7 28. Bf6 Rg8 29. Rxh6 Nxc3 30. Rh7+ 1-0

[Event "O pohár města Říčany 2017"]
[Site "Kulturni centrum Labut, 17. Listopadu 214 25101 Ricany"]
[Date "2017.08.31"]
[Round "7.18"]
[White "Postupa, Pavel"]
[Black "Cermak, Jan"]
[Result "1/2-1/2"]
[WhiteElo "1984"]
[BlackElo "1904"]
[PlyCount "0"]
[EventDate "2017.08.26"]

1. e4 e5 2. Nf3 Nc6 3. Bb5 d6 4. O-O Nf6 5. Re1 Be7 6. c3 O-O 7. h3 a6 8. Ba4
b5 9. Bc2 Bb7 10. a3 d5 11. d4 dxe4 12. dxe5 Qxd1 13. Bxd1 exf3 14. exf6 Bxf6
15. Bxf3 Na5 16. Bxb7 Nxb7 17. Be3 Rfe8 18. Nd2 c5 19. Nf3 a5 20. Red1 Red8
21. Ng5 c4 22. Ne4 Be7 23. Bb6 Rxd1+ 24. Rxd1 Ra6 25. Rd7 Rxb6 26. Rxe7 Kf8
27. Rc7 Nd6 28. Nxd6 Rxd6 29. Rb7 Rd5 30. a4 bxa4 31. Rc7 1/2-1/2

[Event "O pohár města Říčany 2017"]
[Site "Kulturni centrum Labut, 17. Listopadu 214 25101 Ricany"]
[Date "2017.08.31"]
[Round "7.19"]
[White "Vavrinec, Tomas"]
[Black "Konvalinka, Vladislav"]
[Result "1-0"]
[WhiteElo "1960"]
[BlackElo "1764"]
[PlyCount "0"]
[EventDate "2017.08.26"]

1. c4 Nf6 2. Nc3 c6 3. e4 e5 4. Nf3 d6 5. d4 Nbd7 6. Be2 Be7 7. O-O O-O 8. h3
exd4 9. Qxd4 Qb6 10. Qxb6 Nxb6 11. Bf4 Be6 12. b3 d5 13. cxd5 cxd5 14. e5 Nfd7
15. Nb5 f6 16. Nc7 fxe5 17. Nxe6 Rf6 18. Nc7 Rc8 19. Bg5 Rxc7 20. Bxf6 Bxf6
21. Rac1 Rxc1 22. Rxc1 e4 23. Ne1 d4 24. Bg4 d3 25. Rd1 Nc5 26. b4 Nca4 27. Nxd3
Nc3 28. Nc5 Nxd1 29. Bxd1 Bc3 30. b5 Bd4 31. Bb3+ Kh8 32. Nxb7 Nd7 33. Nd6 Nc5
34. Bd5 e3 35. fxe3 Bxe3+ 36. Kf1 Na4 37. Bc4 g6 38. Ke2 Bc5 39. Ne4 Bb6 40. Kd2
Kg7 41. Kc2 Kf8 42. Nf6 Bd8 43. Ne4 Ke8 44. Kb3 Nb6 45. Be2 Kd7 46. a4 Kc7
47. Nc5 Be7 48. Ne6+ Kd6 49. Nd4 Nd7 50. a5 Kc7 51. Kc4 Bc5 52. Ne6+ Kd6
53. Nxc5 Nxc5 54. Bf3 Nd7 55. b6 Ne5+ 56. Kb5 axb6 57. a6 Nxf3 58. a7 Nd4+
59. Kxb6 1-0

[Event "O pohár města Říčany 2017"]
[Site "Kulturni centrum Labut, 17. Listopadu 214 25101 Ricany"]
[Date "2017.08.31"]
[Round "7.20"]
[White "Stanek, Ondrej"]
[Black "Skala, Jaromir"]
[Result "1/2-1/2"]
[WhiteElo "1885"]
[BlackElo "1942"]
[PlyCount "0"]
[EventDate "2017.08.26"]

1. e4 e5 2. Nf3 Nc6 3. d4 exd4 4. Bc4 Bc5 5. O-O Nf6 6. e5 d5 7. exf6 dxc4
8. Re1+ Be6 9. Ng5 Qd5 10. Nc3 Qf5 11. Nce4 O-O-O 12. Nxc5 Qxc5 13. Rxe6 fxe6
14. Nxe6 Qe5 15. Nxd8 Rxd8 16. fxg7 Qxg7 17. Bf4 d3 18. c3 Re8 19. Qh5 Re2
20. Qd5 Rxb2 21. Qxc4 Qg4 22. Qf7 Qd7 23. Qxd7+ Kxd7 24. Rd1 Ne7 25. g4 Rxa2
26. Rxd3+ Kc6 27. Rh3 Ra4 28. Bg3 Rxg4 29. Rxh7 Nd5 30. h4 a5 31. h5 a4 32. Rh8
b5 33. h6 Nf6 34. Rc8 a3 35. Rxc7+ Kb6 36. Re7 a2 37. Re1 Ra4 38. Ra1 Kc5
39. Be5 Nh7 40. Kf1 Kc4 41. Ke2 Kb3 42. f4 Rc4 43. Rd1 1/2-1/2

[Event "O pohár města Říčany 2017"]
[Site "Kulturni centrum Labut, 17. Listopadu 214 25101 Ricany"]
[Date "2017.08.31"]
[Round "7.21"]
[White "Nehyba, Martin"]
[Black "Otruba, Marek"]
[Result "1/2-1/2"]
[WhiteElo "1875"]
[BlackElo "1937"]
[PlyCount "0"]
[EventDate "2017.08.26"]

1. e4 e5 2. Nf3 Nc6 3. Bc4 Bc5 4. O-O Nf6 5. d3 h6 6. Be3 Bb6 7. h3 d6 8. Nbd2
O-O 9. c3 Be6 10. Qe2 Re8 11. Rfe1 d5 12. Bb5 Bd7 13. Rad1 Qe7 14. a3 Bxe3
15. Qxe3 a6 16. Ba4 b5 17. Bc2 1/2-1/2

[Event "O pohár města Říčany 2017"]
[Site "Kulturni centrum Labut, 17. Listopadu 214 25101 Ricany"]
[Date "2017.08.31"]
[Round "7.22"]
[White "Matys, Jakub"]
[Black "Kunc, Jan"]
[Result "0-1"]
[WhiteElo "1727"]
[BlackElo "1937"]
[PlyCount "0"]
[EventDate "2017.08.26"]

1. d4 Nf6 2. Nf3 g6 3. g3 Bg7 4. Bg2 O-O 5. c4 d6 6. Nc3 Nc6 7. O-O a6 8. Bg5
h6 9. Bxf6 Bxf6 10. Qd2 Bg7 11. Rfd1 Rb8 12. Rac1 Bg4 13. d5 Ne5 14. Nxe5 dxe5
15. f3 Bd7 16. e4 e6 17. b3 Re8 18. dxe6 Bxe6 19. Qxd8 Rbxd8 20. Rxd8 Rxd8
21. Rd1 Rd4 22. Kf2 Bf8 23. Rxd4 exd4 24. Nd5 c6 25. Nf4 Bd7 26. Nd3 c5 27. a4
b6 28. f4 f6 29. h3 Kf7 30. g4 Bd6 31. f5 b5 32. axb5 axb5 33. Bf1 bxc4 34. bxc4
Ba4 35. Nc1 gxf5 36. gxf5 Ke7 37. Bd3 Bf4 38. Ne2 Be3+ 39. Kg3 Kd6 40. Nf4 Bxf4+
41. Kxf4 Bd1 42. e5+ fxe5+ 43. Ke4 Bh5 44. Bf1 Be8 45. Be2 Bc6+ 46. Kd3 e4+
47. Kd2 Ke5 48. Bg4 e3+ 49. Ke2 Be4 0-1

[Event "O pohár města Říčany 2017"]
[Site "Kulturni centrum Labut, 17. Listopadu 214 25101 Ricany"]
[Date "2017.08.31"]
[Round "7.23"]
[White "Kylar, Miroslav"]
[Black "Hadrava, Jaroslav"]
[Result "1/2-1/2"]
[WhiteElo "1899"]
[BlackElo "1964"]
[PlyCount "0"]
[EventDate "2017.08.26"]

1. d4 d5 2. Bf4 Nf6 3. e3 c5 4. c3 Nc6 5. Nf3 cxd4 6. cxd4 e6 7. Bd3 Nh5 8. Bg5
f6 9. Bh4 Be7 10. g4 g5 11. Bxg5 fxg5 12. gxh5 Bf6 13. Nc3 g4 14. Nd2 e5
15. dxe5 Nxe5 16. Bb5+ Bd7 17. Qa4 Nd3+ 18. Ke2 Nxb2 19. Bxd7+ Qxd7 20. Qxd7+
Kxd7 21. Nxd5 Be5 22. f4 gxf3+ 23. Nxf3 Kd6 24. Nxe5 Kxd5 25. Nf3 Rac8 26. Nd4
Rhe8 27. Rhg1 1/2-1/2

[Event "O pohár města Říčany 2017"]
[Site "Kulturni centrum Labut, 17. Listopadu 214 25101 Ricany"]
[Date "2017.08.31"]
[Round "7.24"]
[White "Pavlicek, Petr"]
[Black "Zvolensky, David"]
[Result "1-0"]
[WhiteElo "1923"]
[BlackElo "1894"]
[PlyCount "0"]
[EventDate "2017.08.26"]

1. Nf3 Nf6 2. d4 g6 3. c4 d6 4. g3 Bg7 5. Bg2 O-O 6. Nc3 c6 7. O-O Nbd7 8. e4
e5 9. h3 Re8 10. Be3 Qc7 11. Rc1 exd4 12. Nxd4 Nc5 13. Qc2 a5 14. b3 Qe7
15. Rfe1 Nfxe4 16. Nxe4 Nxe4 17. Bxe4 Qxe4 18. Bd2 Qxe1+ 19. Rxe1 Rxe1+ 20. Bxe1
Bxd4 21. Qe4 Be5 22. f4 Bf5 23. Qe3 Bf6 24. g4 Bd7 25. Bc3 Bxc3 26. Qxc3 f5
27. g5 Be6 28. Kf2 a4 29. b4 d5 30. Qd4 Bf7 31. Qe5 d4 32. a3 Rd8 33. Qc7 Re8
34. Qxb7 Bd5 35. Qd7 Re4 36. b5 Rxf4+ 37. Ke1 Bxc4 38. Qe8+ 1-0

[Event "O pohár města Říčany 2017"]
[Site "Kulturni centrum Labut, 17. Listopadu 214 25101 Ricany"]
[Date "2017.08.31"]
[Round "7.25"]
[White "Kronowetter, Borivoj"]
[Black "Vlkova, Anezka"]
[Result "0-1"]
[WhiteElo "1787"]
[BlackElo "1914"]
[PlyCount "0"]
[EventDate "2017.08.26"]

1. e4 c5 2. Nf3 d6 3. d4 cxd4 4. Nxd4 Nf6 5. Nc3 g6 6. Be3 Bg7 7. f3 O-O 8. Qd2
Nc6 9. O-O-O Nxd4 10. Bxd4 Be6 11. Kb1 Qc7 12. g4 Rfc8 13. h4 Qa5 14. a3 Rab8
15. h5 b5 16. hxg6 hxg6 17. Bxf6 Bxf6 18. Nd5 Qxd2 19. Nxf6+ Kg7 20. Rxd2 Kxf6
21. Be2 Ke5 22. Bd1 a5 23. c3 Kf4 24. Rg2 b4 25. axb4 axb4 26. cxb4 Rxb4 27. g5
Bc4 28. Rh4+ Ke3 29. Bc2 Kxf3 30. Rhg4 Be6 31. R2g3+ Kf2 32. Rg2+ Ke3 33. R4g3+
Kd4 34. Rd3+ Ke5 35. Ra3 Rcb8 36. Bd3 Rb3 37. Rxb3 Rxb3 38. Bc2 Re3 39. b4 Bb3
40. Rf2 f6 41. gxf6 exf6 42. Kb2 Bxc2 43. Kxc2 Rxe4 44. Kb3 Re1 45. Rb2 Kd5
46. Ka4 Ra1+ 47. Kb5 g5 48. Kb6 Ke6 49. b5 f5 50. Kc7 Ra7+ 51. Kb8 Rf7 52. b6 f4
53. Re2+ Kf5 54. Rc2 f3 55. Rc7 Rf8+ 56. Rc8 Rxc8+ 57. Kxc8 f2 58. b7 f1=Q
59. b8=Q Qc4+ 60. Kd7 Qe6+ 61. Kc7 d5 62. Qb1+ Qe4 63. Qb6 g4 64. Kd7 g3 65. Qg1
Qf3 66. Qb1+ Kf4 67. Qb4+ Qe4 68. Qd2+ Kg4 69. Qd1+ Kh3 70. Qh5+ Kg2 71. Qd1
Qf5+ 72. Kd6 Kh2 73. Qd2+ g2 74. Qh6+ Qh3 75. Qd2 d4 76. Qe2 Kh1 77. Qe4 d3 0-1

[Event "O pohár města Říčany 2017"]
[Site "Kulturni centrum Labut, 17. Listopadu 214 25101 Ricany"]
[Date "2017.08.31"]
[Round "7.26"]
[White "Nemcova, Kamila"]
[Black "Paulovic, Milan"]
[Result "1-0"]
[WhiteElo "1908"]
[BlackElo "1781"]
[PlyCount "0"]
[EventDate "2017.08.26"]

1. e4 Nf6 2. e5 Nd5 3. d4 d6 4. c4 Nb6 5. exd6 cxd6 6. Nf3 g6 7. Nc3 Bg7 8. Be3
O-O 9. Rc1 Bg4 10. h3 Bxf3 11. Qxf3 Qd7 12. b3 Nc6 13. d5 Ne5 14. Qg3 Qd8 15. f4
Ned7 16. Bd3 f5 17. Ne2 Nc5 18. Bd4 Nbd7 19. Bxg7 Kxg7 20. b4 Nxd3+ 21. Qxd3 Rf6
22. Nd4 Nf8 23. Qc3 Kg8 24. O-O e5 25. dxe6 Nxe6 26. Nb5 Rf7 27. Rcd1 Rd7
28. Qd3 a5 29. Qd5 Qe7 30. Rfe1 Re8 31. Nd4 Kf7 32. bxa5 Kf6 33. Rxe6+ Qxe6
34. Nxe6 Rxe6 35. c5 Re4 36. cxd6 1-0

[Event "O pohár města Říčany 2017"]
[Site "Kulturni centrum Labut, 17. Listopadu 214 25101 Ricany"]
[Date "2017.08.31"]
[Round "7.27"]
[White "Vilimova, Julie"]
[Black "Skacel, Jan"]
[Result "1-0"]
[WhiteElo "1741"]
[BlackElo "1991"]
[PlyCount "0"]
[EventDate "2017.08.26"]

1. d4 Nf6 2. c4 e6 3. Nc3 c5 4. d5 exd5 5. cxd5 d6 6. e4 g6 7. f4 Bg7 8. Nf3
O-O 9. Bd3 a6 10. a4 Re8 11. O-O Nbd7 12. Re1 Qc7 13. Qe2 Nb6 14. Qf1 c4 15. Bc2
Bg4 16. Nh4 Qc5+ 17. Be3 Qb4 18. Qf2 Nc8 19. Bd4 Bd7 20. h3 Qa5 21. Nf3 Nh5
22. Bxg7 Nxg7 23. Nd2 Qb4 24. Qd4 Qxb2 25. Nxc4 Qxc2 26. Rec1 Nf5 27. exf5 Qxf5
28. g4 1-0

[Event "O pohár města Říčany 2017"]
[Site "Kulturni centrum Labut, 17. Listopadu 214 25101 Ricany"]
[Date "2017.08.31"]
[Round "7.28"]
[White "Koper, Stefan"]
[Black "Kuhnmund, Ivan"]
[Result "1-0"]
[WhiteElo "1932"]
[BlackElo "1640"]
[PlyCount "0"]
[EventDate "2017.08.26"]

1. d4 c6 2. e4 d6 3. Bc4 d5 4. exd5 cxd5 5. Bd3 Nc6 6. c3 Nf6 7. Nf3 Bg4
8. Nbd2 e6 9. Qa4 Nd7 10. O-O Be7 11. Bb5 O-O 12. Bxc6 Nb6 13. Qb3 Bxf3 14. Nxf3
bxc6 15. Ne5 Qc7 16. f4 f6 17. Nf3 Nc4 18. Qc2 Nd6 19. g3 Ne4 20. Nd2 f5
21. Nxe4 fxe4 22. c4 Bf6 23. Be3 c5 24. cxd5 exd5 25. Rac1 Rfc8 26. dxc5 d4
27. Qc4+ Qf7 28. Bxd4 Qxc4 29. Rxc4 Bxd4+ 30. Rxd4 e3 31. Rc1 a5 32. b3 Rab8
33. Re4 Re8 34. Rxe8+ Rxe8 35. Kf1 e2+ 36. Ke1 a4 37. c6 axb3 38. axb3 Kf7
39. c7 1-0

[Event "O pohár města Říčany 2017"]
[Site "Kulturni centrum Labut, 17. Listopadu 214 25101 Ricany"]
[Date "2017.08.31"]
[Round "7.29"]
[White "Pokorny, Jan"]
[Black "Maslo, Ondrej"]
[Result "1/2-1/2"]
[WhiteElo "1889"]
[BlackElo "1744"]
[PlyCount "0"]
[EventDate "2017.08.26"]

1. d4 d5 2. Nf3 Nf6 3. Bg5 e6 4. Nbd2 Nbd7 5. e4 h6 6. Bxf6 Nxf6 7. e5 Nd7
8. Bd3 c5 9. c3 Qb6 10. Rb1 Be7 11. O-O O-O 12. dxc5 Nxc5 13. Bc2 a5 14. Nb3
Nxb3 15. axb3 Bd7 16. Qd3 g6 17. h4 Bb5 18. c4 dxc4 19. bxc4 Bc6 20. h5 Rad8
21. Qe2 Kg7 22. hxg6 fxg6 23. Be4 Rf4 24. Bxc6 Qxc6 25. Rbd1 Rxd1 26. Rxd1
1/2-1/2

[Event "O pohár města Říčany 2017"]
[Site "Kulturni centrum Labut, 17. Listopadu 214 25101 Ricany"]
[Date "2017.08.31"]
[Round "7.30"]
[White "Jirousek, Tadeas"]
[Black "Korsa, Jiri"]
[Result "0-1"]
[WhiteElo "1584"]
[BlackElo "1820"]
[PlyCount "0"]
[EventDate "2017.08.26"]

1. e4 e5 2. Nf3 Nc6 3. d4 exd4 4. Nxd4 Bc5 5. Be3 Qf6 6. c3 Nge7 7. Bc4 Ne5
8. Be2 Qg6 9. Bf3 O-O 10. O-O d6 11. Kh1 Nxf3 12. Qxf3 Bg4 13. Qf4 Bd7 14. Nd2
f5 15. Qh4 Rae8 16. f3 fxe4 17. Nxe4 Bxd4 18. Bxd4 Bc6 19. Ng3 Nf5 20. Nxf5 Qxf5
21. Rae1 Qc2 22. Qg5 Qg6 23. Qh4 Rxe1 24. Rxe1 Rxf3 25. Re8+ Qxe8 26. gxf3 Bxf3+
27. Kg1 Qg6+ 28. Qg3 Qxg3+ 29. hxg3 c5 30. Be3 Kf7 31. Kf2 Bd5 32. a3 Kf6
33. Bf4 Ke6 34. Ke3 h6 35. Kd3 a5 36. Bd2 b5 37. b4 a4 38. Be3 Bc4+ 39. Ke4 d5+
40. Kf4 g5+ 41. Kg4 Be2+ 42. Kh3 cxb4 43. cxb4 Ke5 44. Kg2 Ke4 45. Kf2 Kd3
46. Bc1 Kc2 47. Be3 Bg4 48. Bd4 Kb3 49. Bg7 h5 50. Bf6 Kxa3 51. Bxg5 Kb2 52. Ke3
a3 53. Kd4 a2 54. Bf6 Kb1 55. Kc5 Be2 56. Kxd5 a1=Q 57. Bxa1 Kxa1 0-1

[Event "O pohár města Říčany 2017"]
[Site "Kulturni centrum Labut, 17. Listopadu 214 25101 Ricany"]
[Date "2017.08.31"]
[Round "7.31"]
[White "Havelka, Petr"]
[Black "Simak, Roman"]
[Result "1/2-1/2"]
[WhiteElo "1818"]
[BlackElo "1702"]
[PlyCount "0"]
[EventDate "2017.08.26"]

1. d4 f5 2. c4 Nf6 3. Nf3 e6 4. Nc3 b6 5. g3 Bb7 6. Bg2 Be7 7. O-O O-O 8. Bf4
Ne4 9. Qc2 Nxc3 10. Qxc3 Bf6 11. Be5 d6 12. Bxf6 Qxf6 13. Rac1 Nd7 14. Ne5 dxe5
15. dxe5 Qxe5 16. Qxe5 1/2-1/2

[Event "O pohár města Říčany 2017"]
[Site "Kulturni centrum Labut, 17. Listopadu 214 25101 Ricany"]
[Date "2017.08.31"]
[Round "7.32"]
[White "Otrubova, Kristyna"]
[Black "Hlavacek, Ondrej"]
[Result "1/2-1/2"]
[WhiteElo "1758"]
[BlackElo "1773"]
[PlyCount "0"]
[EventDate "2017.08.26"]

1. d4 Nf6 2. c4 e6 3. Nc3 Bb4 4. e3 d5 5. Ne2 O-O 6. a3 Be7 7. cxd5 Nxd5 8. g3
Nxc3 9. Nxc3 Bf6 10. Bg2 c5 11. dxc5 Bxc3+ 12. bxc3 Qxd1+ 13. Kxd1 Nd7 14. Ke2
Nxc5 15. Rd1 Rb8 16. Rb1 b6 17. f3 Ba6+ 18. Kf2 Rbd8 19. Bb2 Rxd1 20. Rxd1 Nd3+
21. Rxd3 Bxd3 22. Bf1 Rd8 23. Bxd3 Rxd3 24. Ke2 Rd5 25. h4 Rb5 26. Bc1 Rd5
27. e4 Rd7 28. Be3 e5 29. f4 exf4 30. gxf4 Kf8 31. Bd4 g6 32. Kd3 Ke7 33. Kc4
Kd6 34. a4 Kc6 35. Kb3 a6 36. Kc4 b5+ 37. axb5+ axb5+ 38. Kd3 Rb7 39. Ke3 b4
40. cxb4 Rxb4 41. f5 gxf5 42. exf5 Rxd4 43. Kxd4 Kd6 44. h5 h6 45. Ke4 f6
46. Kd4 Kc6 47. Kc4 Kd6 1/2-1/2

[Event "O pohár města Říčany 2017"]
[Site "Kulturni centrum Labut, 17. Listopadu 214 25101 Ricany"]
[Date "2017.08.31"]
[Round "7.33"]
[White "Stork, Rostislav"]
[Black "Skrabanek, Matej"]
[Result "1/2-1/2"]
[WhiteElo "1764"]
[BlackElo "1600"]
[PlyCount "0"]
[EventDate "2017.08.26"]

1. e4 c5 2. d3 d6 3. g3 Nf6 4. Nf3 g6 5. Bg2 Bg7 6. O-O O-O 7. Nbd2 Nc6 8. Re1
Nd7 9. h4 b5 10. h5 Nde5 11. Nxe5 Nxe5 12. Bf3 Nxf3+ 13. Qxf3 Bb7 14. Qg4 Qc8
15. Qxc8 Raxc8 16. hxg6 fxg6 17. f4 1/2-1/2

[Event "O pohár města Říčany 2017"]
[Site "Kulturni centrum Labut, 17. Listopadu 214 25101 Ricany"]
[Date "2017.08.31"]
[Round "7.34"]
[White "Benes, Karel"]
[Black "Vit, Zdenek"]
[Result "1/2-1/2"]
[WhiteElo "1706"]
[BlackElo "1775"]
[PlyCount "0"]
[EventDate "2017.08.26"]

1. e4 e5 2. Nf3 Nc6 3. d4 exd4 4. Nxd4 Bc5 5. c3 Qf6 6. Be3 Nge7 7. Be2 d5
8. Bf3 dxe4 9. Bxe4 Nxd4 10. Bxd4 Bxd4 11. Qxd4 Qxd4 12. cxd4 c6 13. Nc3 Be6
14. O-O O-O-O 15. Rfd1 Rd6 16. Rac1 Kb8 17. Rd2 Rhd8 18. Rcd1 f5 19. Bf3 g5
20. h3 h6 21. b3 Bd5 1/2-1/2